书目信息 |
| 题名: |
中国画廊
|
|
| 作者: | 贾德江 主编 | |
| 分册: | 第3辑 | |
| 出版信息: | 北京 北京工艺美术出版社 2006 |
|
| 页数: | 207页 | |
| 开本: | 29cm | |
| 丛书名: | ||
| 单 册: | ||
| 中图分类: | J205.2 , J212.052 | |
| 科图分类: | ||
| 主题词: | 中国画--美术批评--中国--现代 , 绘画 , 绘画--美术批评--中国--现代 , 美术批评 , 中国画 | |
| 电子资源: | ||
| ISBN: | 7-80526-578-X | |
| 000 | 00948nam0 2200289 450 | |
| 001 | 003156716 | |
| 005 | 20070805093339.84 | |
| 010 | @a7-80526-578-X@dCNY78.00 | |
| 100 | @a20060104d2006 em y0chiy0110 ea | |
| 101 | 0 | @achi |
| 102 | @aCN@b110000 | |
| 105 | @aa z 000yd | |
| 200 | 1 | @a中国画廊@9zhong guo hua lang@h第3辑@f贾德江主编 |
| 210 | @a北京@c北京工艺美术出版社@d2006 | |
| 215 | @a207页@c照片@d29cm | |
| 330 | @a本书收录了现代中国画作品并进行艺术评论,论述一些当代中国画理论话题,介绍评点当代名家、新秀,欣赏、评论经典作品等。 | |
| 513 | 1 | @a中国画廊推介画家精品@9zhong guo hua lang tui jie hua jia jing pin@h第三辑 |
| 606 | 0 | @a中国画@x美术批评@y中国@z现代 |
| 606 | 0 | @a绘画 |
| 606 | 0 | @a绘画@x美术批评@y中国@z现代 |
| 606 | 0 | @a美术批评 |
| 606 | 0 | @a中国画 |
| 690 | @aJ205.2@v4 | |
| 690 | @aJ212.052@v4 | |
| 701 | 0 | @a贾德江@9jia de jiang@f(1946~)@4主编 |
| 801 | 0 | @aCN@bNLC@c20070805 |
| 905 | @a10447@dJ205.2@e541:3 | |
| 中国画廊.第3辑/贾德江主编.-北京:北京工艺美术出版社,2006 |
| 207页:照片;29cm |
| ISBN 7-80526-578-X:CNY78.00 |
| 本书收录了现代中国画作品并进行艺术评论,论述一些当代中国画理论话题,介绍评点当代名家、新秀,欣赏、评论经典作品等。 |
| ● |
| 相关链接 |
|
|
|
|
正题名:中国画廊
索取号:J205.2/541:3
 
预约/预借
| 序号 | 登录号 | 条形码 | 馆藏地/架位号 | 状态 | 备注 |
| 1 | 0807356 | 208073564 | 第一样本阅览室/ [索取号:J205.2/541:3] | 在馆 | |
| 2 | 0807357 | 208073573 | 第一借阅区/ [索取号:J205.2/541:3] | 在馆 | |
| 3 | 0807358 | 208073582 | 第一借阅区/ [索取号:J205.2/541:3] | 在馆 | |
| 4 | 0807359 | 208073591 | 第一借阅区/ [索取号:J205.2/541:3] | 在馆 | |
| 5 | 0807360 | 208073608 | 第一借阅区/ [索取号:J205.2/541:3] | 在馆 | |
| 6 | 0807361 | 208073617 | 密集书库-美术系/ [索取号:J205.2/541:3] | 在馆 | |
| 7 | 0807362 | 208073626 | 密集书库-美术系/ [索取号:J205.2/541:3] | 在馆 | |
| 8 | 0807363 | 208073635 | 密集书库-美术系/ [索取号:J205.2/541:3] | 在馆 |